|
|
|
|
| LEADER |
00000nam a2200000Ii 4500 |
| 001 |
DIGEDUV0172 |
| 003 |
NyNyDIG0 |
| 006 |
m o d |
| 007 |
cr ||||||||||| |
| 008 |
220301s2015 ag a ob 000 0 spa d |
| 035 |
|
|
|a (OCoLC)994823671
|
| 040 |
|
|
|a DGITA
|b eng
|e rda
|e pn
|c DGITA
|
| 020 |
|
|
|a 9789876992510
|q eBook
|q epdf
|
| 020 |
|
|
|z 9789876991575
|
| 043 |
|
|
|a s-ag---
|
| 050 |
1 |
4 |
|a HC178.C6 ebook
|
| 100 |
1 |
|
|a Gutiérrez, Alicia B.,
|e author.
|
| 245 |
1 |
0 |
|a Pobre'... como siempre :
|b estrategias de reproducción social en la pobreza /
|c Alicia B. Gutiérrez.
|
| 264 |
|
1 |
|a Villa María, Córdoba :
|b Eduvim,
|c [2015]
|
| 300 |
|
|
|a 1 online resource :
|b illustrations.
|
| 336 |
|
|
|a text
|2 rdacontent
|
| 337 |
|
|
|a computer
|b c
|2 rdamedia
|
| 338 |
|
|
|a online resource
|b cr
|2 rdacarrier
|
| 347 |
|
|
|a text file
|2 rdaft
|
| 347 |
|
|
|b PDF
|
| 347 |
|
|
|b EPUB
|
| 504 |
|
|
|a Includes bibliographical references.
|
| 588 |
0 |
|
|a Online resource; title from PDF title page (Digitalia, viewed March 01, 2022)
|
| 650 |
|
0 |
|a Poverty
|z Argentina
|z Córdoba.
|
| 650 |
|
0 |
|a Córdoba (Argentina)
|x Social conditions.
|
| 650 |
|
0 |
|a Marginality, Social
|z Argentina
|z Córdoba.
|
| 655 |
|
0 |
|a Electronic books.
|
| 776 |
0 |
8 |
|i Print version:
|a Gutiérrez, Alicia B.
|t Pobre'... como siempre.
|d Villa María, Córdoba : Eduvim, [2015]
|z 9789876991575
|
| 791 |
2 |
|
|a Digitalia (Firm),
|e distributor.
|
| 793 |
0 |
|
|g Digitalia eBook Collection:
|a Ediciones Eduvim
|
| 856 |
4 |
0 |
|3 Digitalia Hispánica
|u https://www.digitaliapublishing.com/a/41005/
|
| 910 |
|
|
|a Premium Collection: 2022
|